[Event "2nd Goa GM Open 2019"]
[Site "Goa"]
[Date "2019.06.25"]
[Round "10.26"]
[White "Sidhant, Mohapatra"]
[Black "Neverov, Valeriy"]
[Result "1/2-1/2"]
[WhiteElo "2351"]
[BlackElo "2470"]
[Annotator "ChessBase"]
[PlyCount "76"]
[EventDate "2019.06.17"]
[EventType "swiss"]
[EventCountry "IND"]
[SourceTitle "playchess.com"]
[Source "ChessBase"]
[SourceQuality "1"]
[TimeControl "5400+30"]

1. e4 {[%emt 0:00:00]} c5 {[%emt 0:00:00]} 2. Nf3 {[%emt 0:00:00]} d6 {[%emt 0:00:00]} 3. Bb5+ {[%emt 0:00:44]} Nd7 {[%emt 0:00:00]} 4. O-O {[%emt 0:01:37]} a6 {[%emt 0:01:24]} 5. Bd3 {[%emt 0:00:32]} Ngf6 {[%emt 0:21:22]} 6. c3 {[%emt 0:02:29]} b5 {[%emt 0:05:21]} 7. Bc2 {[%emt 0:01:53]} Bb7 {[%emt 0:00:52]} 8. Re1 {[%emt 0:00:07]} Rc8 {[%emt 0:02:38]} 9. a4 {[%emt 0:01:12]} b4 {[%emt 0:01:38]} 10. d3 {[%emt 0:01:20]} g6 {[%emt 0:01:36]} 11. a5 {[%emt 0:02:13]} bxc3 {[%emt 0:04:12]} 12. bxc3 {[%emt 0:00:42]} Bg7 {[%emt 0:00:03]} 13. Nbd2 {[%emt 0:05:30]} O-O {[%emt 0:00:37]} 14. h3 {[%emt 0:01:05]} Ne8 {[%emt 0:05:16]} 15. d4 {[%emt 0:02:51]} Nc7 {[%emt 0:01:14]} 16. Bd3 {[%emt 0:01:38]} Nb5 {[%emt 0:02:50]} 17. Bb2 {[%emt 0:00:00]} Ba8 {[%emt 0:07:07]} 18. Qb3 {[%emt 0:08:31]} Rb8 {[%emt 0:00:59]} 19. Qa2 {[%emt 0:00:09]} e5 {[%emt 0:04:10]} 20. d5 {[%emt 0:04:25]} f5 {[%emt 0:00:37]} 21. c4 {[%emt 0:00:37]} Nd4 {[%emt 0:00:27]} 22. Bxd4 {[%emt 0:03:54]} cxd4 {[%emt 0:00:40]} 23. Qc2 {[%emt 0:01:02]} Nc5 {[%emt 0:04:04]} 24. Ra3 {[%emt 0:05:39]} Qf6 {[%emt 0:11:48]} 25. Nb3 {[%emt 0:03:23]} Nxd3 {[%emt 0:05:15]} 26. Qxd3 {[%emt 0:00:06]} Bb7 {[%emt 0:00:04]} 27. Nbd2 {[%emt 0:07:05]} Bc8 {[%emt 0:00:10]} 28. Rb3 {[%emt 0:00:14]} Rxb3 {[%emt 0:01:16]} 29. Qxb3 {[%emt 0:00:11]} Bh6 {[%emt 0:00:45]} 30. Qb6 {[%emt 0:02:16]} Bf4 {[%emt 0:03:28]} 31. c5 {[%emt 0:01:56]} dxc5 {[%emt 0:00:45]} 32. Qxc5 {[%emt 0:00:06]} Bd7 {[%emt 0:01:36]} 33. Qc7 {[%emt 0:01:49]} Bb5 {[%emt 0:04:24]} 34. exf5 {[%emt 0:03:26]} gxf5 {[%emt 0:00:21]} 35. Nb3 {[%emt 0:03:03]} Rf7 {[%emt 0:07:53]} 36. Qb8+ {[%emt 0:00:25]} Rf8 {[%emt 0:00:03]} 37. Qc7 {[%emt 0:00:07]} Rf7 {[%emt 0:02:35]} 38. Qb8+ {[%emt 0:00:17]} Rf8 {[%emt 0:00:13]} 1/2-1/2

[Event "2nd Goa GM Open 2019"]
[Site "Goa"]
[Date "2019.06.25"]
[Round "10.27"]
[White "Nguyen, Van Huy"]
[Black "Saurabh Anand"]
[Result "1/2-1/2"]
[WhiteElo "2456"]
[BlackElo "2351"]
[Annotator "ChessBase"]
[PlyCount "71"]
[EventDate "2019.06.17"]
[EventType "swiss"]
[EventCountry "IND"]
[SourceTitle "playchess.com"]
[Source "ChessBase"]
[SourceQuality "1"]
[TimeControl "5400+30"]

1. d4 {[%emt 0:00:16]} d5 {[%emt 0:00:00]} 2. Nf3 {[%emt 0:00:07]} Nf6 {[%emt 0:00:03]} 3. c4 {[%emt 0:00:04]} e6 {[%emt 0:00:25]} 4. g3 {[%emt 0:00:07]} dxc4 {[%emt 0:00:16]} 5. Bg2 {[%emt 0:00:15]} a6 {[%emt 0:00:12]} 6. O-O {[%emt 0:01:18]} Nc6 {[%emt 0:00:06]} 7. e3 {[%emt 0:01:15]} Bd7 {[%emt 0:00:35]} 8. Qe2 {[%emt 0:00:43]} Bd6 {[%emt 0:00:13]} 9. Rd1 {[%emt 0:01:56]} O-O {[%emt 0:00:57]} 10. Qxc4 {[%emt 0:00:45]} Rb8 {[%emt 0:00:36]} 11. Nbd2 {[%emt 0:01:03]} Qe7 {[%emt 0:00:38]} 12. b3 {[%emt 0:03:36]} e5 {[%emt 0:02:20]} 13. Bb2 {[%emt 0:02:11]} e4 {[%emt 0:00:47]} 14. Ne5 {[%emt 0:10:52]} Nxe5 {[%emt 0:01:21]} 15. dxe5 {[%emt 0:00:26]} Bxe5 {[%emt 0:00:06]} 16. Bxe5 {[%emt 0:00:11]} Qxe5 {[%emt 0:00:06]} 17. Nxe4 {[%emt 0:00:11]} Nxe4 {[%emt 0:01:17]} 18. Qxe4 {[%emt 0:01:57]} Qxe4 {[%emt 0:01:17]} 19. Bxe4 {[%emt 0:00:17]} Rfd8 {[%emt 0:02:56]} 20. Rd4 {[%emt 0:09:12]} Kf8 {[%emt 0:01:23]} 21. Rad1 {[%emt 0:19:09]} Ke7 {[%emt 0:00:19]} 22. f4 {[%emt 0:01:26]} h6 {[%emt 0:00:26]} 23. Bf3 {[%emt 0:05:06]} f6 {[%emt 0:01:49]} 24. Kf2 {[%emt 0:03:57]} c6 {[%emt 0:04:48]} 25. Re4+ {[%emt 0:03:00]} Kf8 {[%emt 0:01:19]} 26. Red4 {[%emt 0:00:56]} Ke7 {[%emt 0:00:16]} 27. Re4+ {[%emt 0:00:49]} Kf8 {[%emt 0:00:12]} 28. b4 {[%emt 0:00:29]} Bf5 {[%emt 0:07:14]} 29. Red4 {[%emt 0:00:17]} Rxd4 {[%emt 0:00:34]} 30. Rxd4 {[%emt 0:00:23]} Ke7 {[%emt 0:00:07]} 31. e4 {[%emt 0:01:10]} Be6 {[%emt 0:00:08]} 32. a4 {[%emt 0:00:07]} Rc8 {[%emt 0:00:25]} 33. e5 {[%emt 0:03:23]} fxe5 {[%emt 0:05:51]} 34. fxe5 {[%emt 0:01:09]} b5 {[%emt 0:01:55]} 35. axb5 {[%emt 0:06:25]} axb5 {[%emt 0:02:01]} 36. Rd6 {[%emt 0:01:53]} 1/2-1/2

[Event "2nd Goa GM Open 2019"]
[Site "Goa"]
[Date "2019.06.25"]
[Round "10.28"]
[White "Pranav Anand"]
[Black "Himanshu, Sharma"]
[Result "1/2-1/2"]
[WhiteElo "2340"]
[BlackElo "2446"]
[Annotator "NA"]
[PlyCount "94"]
[EventDate "2019.06.17"]
[EventType "swiss"]
[EventCountry "IND"]
[SourceTitle "playchess.com"]
[Source "ChessBase"]
[SourceQuality "1"]
[TimeControl "5400+30"]

1. d4 {[%emt 0:00:00]} Nf6 {[%emt 0:03:24]} 2. c4 {[%emt 0:00:00]} c6 {[%emt 0:00:08]} 3. Nf3 {[%emt 0:00:01]} d5 {[%emt 0:00:07]} 4. e3 {[%emt 0:00:03]} a6 {[%emt 0:02:56]} 5. Nbd2 {[%emt 0:00:14]} Bf5 {[%emt 0:00:51]} 6. Nh4 {[%emt 0:00:28]} Bg6 {[%emt 0:02:32]} 7. Be2 {[%emt 0:06:43]} e6 {[%emt 0:00:25]} 8. O-O {[%emt 0:01:32]} Nbd7 {[%emt 0:00:16]} 9. g3 {[%emt 0:04:12]} Be7 {[%emt 0:02:11]} 10. Nxg6 {[%emt 0:01:12]} hxg6 {[%emt 0:00:05]} 11. b3 {[%emt 0:00:14]} Qa5 {[%emt 0:04:45]} 12. a3 {[%emt 0:06:00]} Rd8 {[%emt 0:01:35]} 13. b4 {[%emt 0:05:21]} Qc7 {[%emt 0:00:19]} 14. Bb2 {[%emt 0:02:18]} e5 {[%emt 0:08:11]} 15. cxd5 {[%emt 0:11:32]} Nxd5 {[%emt 0:03:53]} 16. dxe5 {[%emt 0:04:02]} Nxe5 {[%emt 0:00:22]} 17. Qc2 {[%emt 0:00:04]} Nf6 {[%emt 0:01:55]} 18. Nc4 {[%emt 0:20:05]} Neg4 {[%emt 0:08:20]} 19. Rfd1 {[%emt 0:16:38]} Rd5 {[%emt 0:09:47]} 20. Bxf6 {[%emt 0:08:28]} Nxf6 {[%emt 0:00:13]} 21. e4 {[%emt 0:00:05]} Rxd1+ {[%emt 0:01:05]} 22. Rxd1 {[%emt 0:00:05]} Qc8 {[%emt 0:03:57]} 23. f4 {[%emt 0:02:40]} Ng4 {[%emt 0:17:08]} 24. Bxg4 {[%emt 0:01:28]} Qxg4 {[%emt 0:00:05]} 25. Ne5 {[%emt 0:01:12]} Qe6 {[%emt 0:01:17]} 26. Rd7 {[%emt 0:03:23]} Bf6 {[%emt 0:02:33]} 27. Rxb7 {[%emt 0:00:41]} Bxe5 {[%emt 0:00:07]} 28. fxe5 {[%emt 0:00:15]} O-O {[%emt 0:00:14]} 29. Rc7 {[%emt 0:01:54]} Qxe5 {[%emt 0:01:15]} 30. Rxc6 {[%emt 0:01:56]} Qa1+ {[%emt 0:00:05]} 31. Kg2 {[%emt 0:00:18]} Qxa3 {[%emt 0:00:32]} 32. Qc4 {[%emt 0:00:07]} a5 {[%emt 0:00:55]} 33. bxa5 {[%emt 0:02:46]} Qxa5 {[%emt 0:00:04]} 34. Rxg6 {[%emt 0:00:07]} Qd2+ {[%emt 0:01:14]} 35. Kh3 {[%emt 0:00:13]} Qd7+ {[%emt 0:00:17]} 36. Rg4 {[%emt 0:00:54]} Rd8 {[%emt 0:08:04]} 37. Qc3 {[%emt 0:00:35]} Qd4 {[%emt 0:00:28]} 38. Qxd4 {[%emt 0:00:34]} Rxd4 {[%emt 0:00:02]} 39. Rf4 {[%emt 0:00:09]} Rd2 {[%emt 0:00:09]} 40. g4 {[%emt 0:00:36]} Re2 {[%emt 0:03:57]} 41. g5 {[%emt 0:00:36]} Kh7 {[%emt 0:02:03]} 42. Kg3 {[%emt 0:00:25]} Kg6 {[%emt 0:00:26]} 43. h4 {[%emt 0:00:07]} Re1 {[%emt 0:00:27]} 44. Kf3 {[%emt 0:00:52]} Rf1+ {[%emt 0:03:13]} 45. Ke3 {[%emt 0:00:22]} Re1+ {[%emt 0:00:24]} 46. Kd4 {[%emt 0:00:17]} Rd1+ {[%emt 0:00:12]} 47. Ke3 {[%emt 0:00:50]} Re1+ {[%emt 0:00:34]} 1/2-1/2

[Event "2nd Goa GM Open 2019"]
[Site "Goa"]
[Date "2019.06.25"]
[Round "10.29"]
[White "Khusenkhojaev, Muhammad"]
[Black "Shailesh, Dravid"]
[Result "1/2-1/2"]
[WhiteElo "2446"]
[BlackElo "2311"]
[Annotator "TA"]
[PlyCount "41"]
[EventDate "2019.06.17"]
[EventType "swiss"]
[EventCountry "IND"]
[SourceTitle "playchess.com"]
[Source "ChessBase"]
[SourceQuality "1"]

{[%evp 9,41,57,54,18,26,27,16,32,39,17,12,0,15,0,0,0,0,0,7,0,0,-23,-24,-48,-33,-41,-49,-41,-53,-112,-104,-100,-119,-113]} 1. d4 Nf6 2. c4 Nc6 3. Nf3 e6 4. a3 d6 5. Nc3 g6 6. d5 {E10: Blumenfeld Gambit} (6. Bg5 h6 7. Bh4 Bg7 8. e3 g5 9. Bg3 Nh5 10. Be2 Nxg3 11. hxg3 Ne7 12. g4 b6 13. Qc2 Bb7 {0-1 (53) Akobian,V (2645)-Caruana,F (2817) chess.com INT 2017}) 6... exd5 7. cxd5 Ne7 8. e4 {The position is equal.} Bg7 9. h3 O-O 10. Be2 c6 11. O-O cxd5 12. exd5 a6 13. Bg5 $146 ({Predecessor:} 13. Qb3 Re8 14. Be3 b5 {0-1 (33) Longa Yauca,J (2285)-Solaesa Navalpotro,L (2227) Collado Villalba 2010}) 13... h6 14. Bf4 b5 15. Nd4 Bb7 16. Bf3 Nfxd5 17. Nxd5 Nxd5 18. Bg3 Qd7 19. Nb3 ({White should play} 19. a4 $15) 19... Nb6 $17 20. Bxb7 Qxb7 21. Na5 {Accuracy: White = 20%, Black = 97%.} 1/2-1/2

[Event "2nd Goa GM Open 2019"]
[Site "Goa"]
[Date "2019.06.25"]
[Round "10.30"]
[White "Pranesh M"]
[Black "Sammed Jaykumar, Shete"]
[Result "1-0"]
[WhiteElo "2328"]
[BlackElo "2431"]
[Annotator "TA"]
[PlyCount "85"]
[EventDate "2019.06.17"]
[EventType "swiss"]
[EventCountry "IND"]
[SourceTitle "playchess.com"]
[Source "ChessBase"]
[SourceQuality "1"]

{[%evp 22,101,44,54,42,-17,-17,-8,0,-5,-9,-18,-19,-28,-31,-92,-89,-77,-72,-75,-70,-63,-74,-105,-101,-104,-104,-128,-143,-109,-101,-131,-37,-59,-48,-70,-65,-83,-80,-66,-54,-72,-60,-109,-124,-112,-123,-111,-87,-97,-84,-76,-76,-94,-78,-78,-41,-53,-26,-29,-29,-47,-14,-17,0,0,0,0,0,0,0,0,0,0,0,-208,-80,-80,29997,29998,29998,29999]} 1. e4 c5 2. Nf3 Nc6 3. d4 cxd4 4. Nxd4 Nf6 5. Nc3 d6 6. Bg5 e6 7. Qd2 a6 8. O-O-O Be7 9. f4 Bd7 10. Nf3 b5 11. Bxf6 gxf6 12. Kb1 Qa5 {B69: Sicilian: Richter-Rauzer: 7...a6 8 0-0-0 Bd7 9 f4 Be7 10 Nf3 b5 11 Bxf6} (12... Qb6 13. f5 O-O-O 14. g3 Na5 15. Bh3 Nc4 16. Qe2 Rhe8 17. Nd4 Bf8 18. Qh5 b4 19. fxe6 fxe6 20. Nce2 Kb8 21. Nf4 f5 22. exf5 Nxb2 23. Kxb2 {0-1 (75) Ragger,M (2701)-Salgado Lopez,I (2624) Germany 2018}) 13. Ne2 ({White should try} 13. g4 $14) 13... Qxd2 $11 14. Nxd2 $146 ({Predecessor:} 14. Rxd2 Bc8 15. f5 Bb7 16. Nf4 Nd8 17. Bd3 Rg8 18. Re1 Rc8 19. g3 Bf8 {½-½ (19) Bauer,T (2335)-Groszpeter,A (2525) Hungary 1993}) 14... Rc8 {The position is equal.} 15. Nb3 h5 16. g3 h4 17. gxh4 Rxh4 18. Nd2 (18. h3 $15) 18... Na5 $17 19. Nf3 Rh8 20. Ng3 Nc4 21. Bxc4 Rxc4 22. c3 Bf8 23. Rd3 Bc8 24. f5 Bb7 25. Re1 Ke7 26. Red1 d5 (26... Kd7 $17 {...Rxe4 is the strong threat.} 27. Re1 Rh3) 27. e5 Bg7 $1 28. exf6+ Bxf6 29. Re1 Rf4 30. fxe6 fxe6 31. Rde3 Bc8 32. R1e2 Kd6 33. a3 a5 34. b4 Rc4 35. Kc2 Bd7 {Strongly threatening ...axb4.} 36. Nd2 Rf4 37. Nb3 axb4 38. axb4 e5 39. Nc5 Bg4 40. Rd2 Bg7 41. Red3 Bf3 42. Kb3 Ra8 {Hoping for ...d4.} 43. Rf2 {Played: Ng3-h5} 1-0